Law, practice & procedure of service tax / (Record no. 77369)

MARC details
000 -LEADER
fixed length control field 00643nam a22001937a 4500
005 - DATE AND TIME OF LATEST TRANSACTION
control field 20140508150306.0
010 ## - LCCN (DPL NO)
LC control number ENG-107929-30
020 ## - INTERNATIONAL STANDARD BOOK NUMBER
Terms of availability 1895.00 (set of 2 vol.)
International Standard Book Number 9788180388095 (set)
035 ## - SYSTEM CONTROL NUMBER
System control number EN-91462-63
037 ## - SOURCE OF ACQUISITION
Source of stock number/acquisition DBAD/PUB
082 ## - DEWEY DECIMAL CLASSIFICATION NUMBER
Classification number 343.540552
100 ## - MAIN ENTRY--PERSONAL NAME
Personal name Mittal, J.K.
245 00 - TITLE STATEMENT
Title Law, practice & procedure of service tax /
Statement of responsibility, etc by J.K. Mittal
250 ## - EDITION STATEMENT
Edition statement 24th rev. ed
260 ## - PUBLICATION, DISTRIBUTION, ETC. (IMPRINT)
Place of publication, distribution, etc Gurgaon
Name of publisher, distributor, etc Lexis Nexis
Date of publication, distribution, etc 2012
270 ## - ADDRESS
Address 14th Floor, Bldg. No.10, Tower-B, DLF Cyber City, Phase-II
City Gurgaon
Postal code 122002
300 ## - PHYSICAL DESCRIPTION
Extent 2V.(lxxix,1-749; x,750-1626)p.
Dimensions 24cm(pbk)
942 ## - ADDED ENTRY ELEMENTS (KOHA)
Source of classification or shelving scheme Dewey Decimal Classification
Item type English Books
Call number suffix MIT
Classification part 343.540552
Holdings
Withdrawn status Lost status Materials specified (bound volume or other part) Not for loan Collection code Home library Current library Date acquired Source of acquisition Cost, normal purchase price Full call number Barcode Copy number Cost, replacement price Koha item type
    V.1 Not For Loan Non-fiction D.B.Act.Division D.B.Act.Division 10/07/2013 DBAD/PUB 1895.00 343.540552 MIT EN-91462 1 1895.00 English Books
    V.2 Not For Loan Non-fiction D.B.Act.Division D.B.Act.Division 10/07/2013 DBAD/PUB 1895.00 343.540552 MIT EN-91463 1 1895.00 English Books

© Delhi Public Library
Hit Counter
free hit counter